Η σημειολογία στην καθημερινή ζωή

Αποθηκεύτηκε σε:
Λεπτομέρειες βιβλιογραφικής εγγραφής
Κύριος συγγραφέας: Eco, Umberto
Μορφή: Βιβλίο
Γλώσσα:Greek
Δημοσίευση: Θεσσαλονίκη; Αθήνα : Μαλλιάρης-Παιδεία , 1982
Έκδοση:[2η έκδ.]
Σειρά:Κοινωνιολογία
Θέματα:
Ετικέτες: Προσθήκη ετικέτας
Δεν υπάρχουν, Καταχωρήστε ετικέτα πρώτοι!

MARC

LEADER 00000cam a2200000 i 4500
001 1/67166
008 990120s1982 gr | ||| |||| ||gre||
035 |l 10047429 
040 |a GR-MY-UA  |b gre  |e aacr 
041 0 |a gre 
082 0 |a 302.2 
100 1 |a Eco, Umberto. 
245 1 2 |a Η σημειολογία στην καθημερινή ζωή /  |c Umberto Eco 
250 |a [2η έκδ.] 
260 |a Θεσσαλονίκη; Αθήνα :   |b Μαλλιάρης-Παιδεία ,   |c 1982 
300 |a 228 σ. 
490 1 |a Κοινωνιολογία 
500 |a Περιέχει βιβλιογραφία του Eco 
650 0 0 |a Semiotics. 
830 0 |a Κοινωνιολογία 
852 |a INST  |b RHODES  |e 19990120  |h 302.2 ECO  |p 005400010133  |q 005400010133  |t BK  |y 0 
909 |a Ρ  |b 003393 
922 |a 4ΔΩΡ  |b 198609  |c ΔΩΡΕΑ